1 Minute Maths Quiz - Statistics

General Stats
  • This quiz has been taken 788 times
  • The average score is 12 of 16
Answer Stats
Question Answer % Correct
6 x 6 36
99%
42 + 38 80
95%
90 ÷ 3 30
88%
80 x 4 320
87%
77 - 37 40
86%
750 x 2 1500
83%
1000 - 19 981
83%
344 + 307 651
82%
9000 - 900 8100
75%
23 x 4 92
75%
98 + 306 404
56%
65 ÷ 5 13
55%
50 x 9 450
53%
319 - 218 101
52%
15 x 12 180
45%
239 + 603 842
36%
No matching quizzes found
Score Distribution
Percent of People with Each Score
Percentile by Number Answered
Your Score History
You have not taken this quiz